000 00746cab a2200229 4500
001 WB2922-63
008 090401t1993 xxu||||| |||| 00| 0 eng d
035 _a(Sirsi) u48566
041 _aeng
245 _aSurveyor sued over valuation
260 _c1993
350 _a0
490 _aEstates Times
_v(1192) 4 June 1993, 4(1)
520 _aEdward Symmons & Partners is being sued by Nyckeln Finance Company, now in administration, over a valuation in 1989 of two potential golf course developments.
650 _aEDWARD SYMMONS AND PARTNERS
650 _aGOLF COURSE DEVELOPMENTS
650 _aNEGLIGENCE
650 _aVALUERS
690 _aMANAGEMENT-BUSINESS MANAGEMENT-PROFESSIONAL PRACTICE
942 _n0
948 _c04/03/1997
999 _c30507
_d30507